|
|
|
|
| LEADER |
00000nam0a2200000 4500 |
| 001 |
369738 |
| 005 |
20231102012219.0 |
| 035 |
|
|
|a (RuTPU)RU\TPU\retro\27145
|
| 090 |
|
|
|a 369738
|
| 100 |
|
|
|a 20220602d1980 km y0rusy50 ca
|
| 101 |
0 |
|
|a rus
|
| 102 |
|
|
|a RU
|
| 105 |
|
|
|a a z 001zy
|
| 200 |
1 |
|
|a Управление газовыделением на угольных шахтах
|f С. Г. Калиев, Е. И. Преображенская, В. А. Садчиков [и др.]
|
| 210 |
|
|
|a Москва
|c Недра
|d 1980
|
| 215 |
|
|
|a 222 с.
|c ил.
|
| 320 |
|
|
|a Библиогр.: с. 215-219
|
| 606 |
1 |
|
|a Угольные пласты
|x Газовыделение
|x Управление
|2 stltpush
|3 (RuTPU)RU\TPU\subj\62732
|9 79799
|
| 610 |
1 |
|
|a аэрогазодинамика
|
| 610 |
1 |
|
|a вентиляционные системы
|
| 610 |
1 |
|
|a дегазация
|
| 610 |
1 |
|
|a угольные пласты
|
| 610 |
1 |
|
|a интенсификация
|
| 610 |
1 |
|
|a выработанное пространство
|
| 610 |
1 |
|
|a подготовительные выработки
|
| 675 |
|
|
|a 622.81
|v 4
|
| 701 |
|
1 |
|a Калиев
|b С. Г.
|
| 701 |
|
1 |
|a Преображенская
|b Е. И.
|
| 701 |
|
1 |
|a Садчиков
|b В. А.
|
| 701 |
|
1 |
|a Таланкеров
|b А. Ш.
|
| 701 |
|
1 |
|a Устинов
|b А. М.
|
| 801 |
|
1 |
|a RU
|b 63413507
|c 20220602
|
| 942 |
|
|
|c BK
|